00728 2200229 4500001002100000005001500021035002000036007000300056008004100059020002200100082001000122084001600132100001700148245003500165250003100200260004000231300002300271500012600294650003700420700002900457990001200486INLIS00000000000989220260417103909 a0010-0426000282ta260417 e 0 ind  a978-979-29-6349-6 a620.1 a620.1 AI e0 aAi Nurhayati1 aEkonomi Teknik /cAi Nurhayati aEd. I (Cetakan ke-1, 2017) aYogyakarta :bCV ANDI OFFSET,c2017 a336 ;c16 x 23 Cm. aEditor: Erang Risanto. Setting: Yulius Basuki. Desain Cover: Dany Nofiyanto. Korektor: Skolastika Cynthia. Anggota IKAPI. 4aEkonomi Teknik; Development Plan0 aRimba Krisnha Sukma Dewi a2026412